Acción Crítica /
Zapisane w:
| organizacja autorów: | , |
|---|---|
| Format: | Książka |
| Język: | Spanish |
| Wydane: |
Lima, Perú:
CELATS. ALAETS
|
| Hasła przedmiotowe: | |
| Etykiety: |
Dodaj etykietę
Nie ma etykietki, Dołącz pierwszą etykiete!
|
MARC
| LEADER | 00000nam a22000007a 4500 | ||
|---|---|---|---|
| 003 | cru CIDCACS/IIS | ||
| 005 | 20200925161159.0 | ||
| 007 | ta | ||
| 008 | 170112b1976 pe ||||| |||| 00| 0 spa d | ||
| 999 | |c 18808 |d 18808 | ||
| 040 | |a CRAI/IIS |c CRAI/IIS | ||
| 090 | 0 | 4 | |a REV0005 |
| 110 | 1 | |9 847 |a Asociación Latinoamericana de Escuelas de Trabajo Social | |
| 245 | 1 | |a Acción Crítica / |c Asociación Latinoamericana de Escuelas de Trabajo Social y Centro Latinoamericano de Trabajo Social | |
| 260 | |a Lima, Perú: |b CELATS. ALAETS | ||
| 650 | 1 | 0 | |9 850 |a TRABAJO SOCIAL |
| 650 | 1 | 0 | |a MOVIMIENTOS SOCIALES |9 3 |
| 650 | 1 | 0 | |9 852 |a POLITICAS SOCIALES |
| 650 | 1 | 0 | |9 853 |a INTERVENCION DEL DESARROLLO |
| 650 | 1 | 0 | |9 407 |a SALUD PUBLICA |
| 650 | 1 | 0 | |9 109 |a POBLACION INDIGENA |
| 710 | 1 | |9 849 |a Centro Latinoamericano de Trabajo Social | |
| 942 | |2 ddc |c PP | ||
